Dominica First Level Subdivisions - Statistics

General Stats
  • This quiz has been taken 130 times
  • The average score is 8 of 10
Answer Stats
Parishes % Correct
Saint George
98%
Saint John
92%
Saint Peter
92%
Saint Andrew
85%
Saint Paul
79%
Saint Mark
74%
Saint Luke
72%
Saint Patrick
72%
Saint David
70%
Saint Joseph
60%
No matching quizzes found
Score Distribution
Percent of People with Each Score
Percentile by Number Answered
Your Score History
You have not taken this quiz